| 000 | 00376nam a2200157Ia 4500 | ||
|---|---|---|---|
| 008 | 230312s9999||||xx |||||||||||||| ||und|| | ||
| 020 | _a0-201-57164-1 | ||
| 082 |
_a005.133 _bLEW-J |
||
| 100 | _aLewis, John | ||
| 245 | 0 | _aJAVA | |
| 260 |
_bAddison Wesley _aEngland |
||
| 300 | _a780 | ||
| 546 | _aEng. | ||
| 650 |
_aComputer _vHardware Components , Programming |
||
| 942 | _cBK | ||
| 999 |
_c3185 _d3185 |
||